000
00334nam a2200133Ia 4500
008
220204s9999 xx 000 0 und d
082
_a
574.36
_b
SAR.2
100
_a
SARKANEN, K V
245
0
_a
Progress in biomass conversion. V 2
260
_a
New York
_b
Academic
_c
1980
650
_a
Biomass
700
_a
TILLMAN, D A
942
_c
BK
999
_c
36809
_d
36809